Score 0/15 Timer 05:00
1 Play Today
% Correct
Scooby-Doo, Where Are You!
94.5%
Dexter
83.3%
That '70s Show
82.4%
SpongeBob SquarePants
80.9%
The Apprentice
80.3%
Wheel of Fortune
78.8%
How I Met Your Mother
77.5%
Dora the Explorer
69.5%
% Correct
The West Wing
68.8%
The Brady Bunch
66.6%
The Suite Life of Zack and Cody
65.3%
The Oprah Winfrey Show
58.9%
Daredevil
49.2%
Whose Line is it Anyway?
46%
Animaniacs
44.6%
Remove Ads.
Support Sporcle.
Get the best of Sporcle when you Go Orange. This ad-free experience offers more features, more stats, and more fun while also helping to support Sporcle. Thank you for becoming a member.

You're not logged in!

Compare scores with friends on all Sporcle quizzes.
OR
Log In

Show Comments

Extras

Top Quizzes Today


Score Distribution

Your Account Isn't Verified!

In order to create a playlist on Sporcle, you need to verify the email address you used during registration. Go to your Sporcle Settings to finish the process.

Report this User

Report this user for behavior that violates our Community Guidelines.

Details: